Bugs! bugs! bugs! / (Record no. 4667)

MARC details
000 -LEADER
fixed length control field 01046cam a2200337 a 4500
001 - CONTROL NUMBER
control field 4667
003 - CONTROL NUMBER IDENTIFIER
control field FISKH
005 - DATE AND TIME OF LATEST TRANSACTION
control field 20250421122739.0
008 - FIXED-LENGTH DATA ELEMENTS--GENERAL INFORMATION
fixed length control field 980227s1998 nyua b 000 0 eng
010 ## - LIBRARY OF CONGRESS CONTROL NUMBER
LC control number 98014975
020 ## - INTERNATIONAL STANDARD BOOK NUMBER
International Standard Book Number 0789437627 (hc : alk. paper)
020 ## - INTERNATIONAL STANDARD BOOK NUMBER
International Standard Book Number 9780756672058
020 ## - INTERNATIONAL STANDARD BOOK NUMBER
International Standard Book Number 0789434385 (pbk. : alk. paper)
040 ## - CATALOGING SOURCE
Original cataloging agency DLC
Transcribing agency DLC
Modifying agency DLC
Language of cataloging eng
050 ## - LIBRARY OF CONGRESS CALL NUMBER
Classification number QL496.D87
082 ## - DEWEY DECIMAL CLASSIFICATION NUMBER
Classification number 595.7153
100 1# - MAIN ENTRY--PERSONAL NAME
Personal name Dussling, Jennifer.
245 10 - TITLE STATEMENT
Title Bugs! bugs! bugs! /
Statement of responsibility, etc. written by Jennifer Dussling.
260 ## - PUBLICATION, DISTRIBUTION, ETC.
Place of publication, distribution, etc. New York :
Name of publisher, distributor, etc. DK Publishing,
Date of publication, distribution, etc. 1998.
300 ## - PHYSICAL DESCRIPTION
Extent 32 pages :
Other physical details color illustrations ;
Dimensions 23 cm
440 #0 - SERIES STATEMENT/ADDED ENTRY--TITLE
Title Eyewitness readers.
Number of part/section of a work Level 2
505 ## - FORMATTED CONTENTS NOTE
Formatted contents note O<br/>
520 ## - SUMMARY, ETC.
Summary, etc. Describes the hunting activities of various bugs, including the praying mantis, wood ant, and dragonfly.
521 0# - TARGET AUDIENCE NOTE
Target audience note 620<br/>
Source Lexile<br/>
521 0# - TARGET AUDIENCE NOTE
Target audience note O<br/>
650 #0 - SUBJECT ADDED ENTRY--TOPICAL TERM
Topical term or geographic name entry element Predatory insects
General subdivision Juvenile literature.
650 #1 - SUBJECT ADDED ENTRY--TOPICAL TERM
Topical term or geographic name entry element Insects.
906 ## - LOCAL DATA ELEMENT F, LDF (RLIN)
a 7
b cbc
c orignew
d 1
e ocip
f 19
g y-gencatlg
942 ## - ADDED ENTRY ELEMENTS (KOHA)
Source of classification or shelving scheme Dewey Decimal Classification
Koha item type Books
Suppress in OPAC No
Holdings
Withdrawn status Lost status Source of classification or shelving scheme Damaged status Not for loan Collection Home library Current library Shelving location Date acquired Total Checkouts Full call number Barcode Date last seen Copy number Price effective from Koha item type
    Dewey Decimal Classification     Juvenile Fiction Footprints International School Library Network Toul Kork Campus Footprints International School Library Network Toul Kork Campus TK Primary Library Room(4th Floor), Bookcase 3&4, Shelves 17-32, Yellow Books 09/19/2024   DUS 595.7153 QL496.D87 FISTK01346 09/19/2024 1 09/19/2024 Books
    Dewey Decimal Classification     Juvenile Fiction Footprints International School Library Network Toul Kork Campus Footprints International School Library Network Toul Kork Campus TK Primary Library Room(4th Floor), Bookcase 3&4, Shelves 17-32, Yellow Books 04/21/2025   DUS 595.7153 QL496.D87 FISTK01344 04/21/2025 2 04/21/2025 Books